000 00493nab a2200145Ia 4500
003 ES-SlBCS
005 20220906011052.0
008 140529s1989 xxu||||| |||| 00| 0 eng d
041 _aeng
100 1 _aZimmerman, Michael E.
_950143
245 0 4 _aThe Thorn in Heidegger's Side: The Question of National Socialism
_c Michael E. Zimmerman
600 1 0 _aHeidegger, Martín
_d(1889-1976)
_917559
773 0 _tPhilosophical Forum (The)
_gvol. 20, nº. 4, 1989, págs. 326-365
_wRev833
942 _cAR
999 _c526336
_d526336